STN 34 7410-2: 2001 (HD 21.2 S3) [neplatná], Káble a vodiče izolované PVC na menovité napätie do 450/750 V vrátane Časť 2 Skúšobné metódy

Norma je identická s harmonizačným dokumentom HD 21.2 S3: 1997

Bibliographic Details
Main Authors: Polakovičová, Magdaléna (Author), Martonová, Edita (Author)
Corporate Author: VÚKI (Bratislava, Slovensko) (Author)
Format: Book
Language:Slovak
PhysicalDescription:28 s. obr., tab. 30 cm
Published: Bratislava Slovenský ústav technickej normalizácie 2001
Subjects:

MARC

LEADER 00000cam a2200000 a 4500
001 vtls009879807
003 SK-MaSNL
005 20260301130636.0
008 090726s2001 xo a f u 000 0 slo
015 |a SNBN2015 
035 |a (SVKBBclas03)vtls000225655 
040 |a SNK  |b slo  |c SNK  |e AACR2 
041 0 |a slo 
044 |a xo  |c SK 
046 |a m  |m 200101 (účin.)  |n 200807 (zruš.) 
072 7 |a 621.3  |x Elektrotechnika  |2 konspekt 
072 7 |a 620.1/.2  |x Náuka o materiáli  |2 konspekt 
080 |a 621.311.1  |2 2001 
080 |a 006.86  |2 2001 
080 |a (437.6)  |2 2001 
080 |a (4)  |2 2001 
080 |a (083)  |2 2001 
080 |a 621.315.1/.3  |2 2001 
080 |a 620.1  |2 2001 
084 |a 29.060.20  |2 ICS 
130 0 |a HD 21.2 S3 (STN 34 7410-2) [neplatná]  |9 478660 
245 1 0 |a STN 34 7410-2: 2001 (HD 21.2 S3) [neplatná], Káble a vodiče izolované PVC na menovité napätie do 450/750 V vrátane  |n Časť 2  |p Skúšobné metódy 
246 1 0 |a Káble a vodiče izolované PVC na menovité napätie do 450/750 V vrátane 
246 1 0 |a Skúšobné metódy 
260 |a Bratislava  |b Slovenský ústav technickej normalizácie  |c 2001 
300 |a 28 s.  |b obr., tab.  |c 30 cm 
500 |a Norma je nahradená STN EN 50395 z júna 2006 v celom rozsahu, môže sa používať do 1.7.2008 
500 |a Spracovateľ: VÚKI Bratislava, Magdaléna Polakovičová ; SÚTN Bratislava, Edita Mártonová 
500 |a Súbežný názov v angličtine, francúzštine a nemčite 
504 |a Citované normy, súvisiace právne predpisy s. [1] ; literatúra s. 28 
520 8 |a Norma je identická s harmonizačným dokumentom HD 21.2 S3: 1997 
650 0 7 |a elektrické rozvody  |2 SNKPH  |9 67472 
650 0 7 |a elektrické vedenia  |2 SNKPH  |9 85871 
650 0 7 |a technické normy a štandardy  |z Slovensko  |2 SNKPH  |9 79594 
650 0 7 |a Electric power distribution  |2 SNKPHeng  |9 311842 
650 0 7 |a Electric conduits  |2 SNKPHeng  |9 333352 
650 0 7 |a skúšobníctvo  |2 SNKPH  |9 4202 
650 0 7 |a Material testing  |2 SNKPHeng  |9 266886 
655 7 |a normy  |2 SNKPH  |9 70643 
700 1 |a Polakovičová, Magdaléna  |4 aut  |9 336829 
700 1 |a Martonová, Edita  |4 aut  |9 312562 
710 2 |a VÚKI (Bratislava, Slovensko)  |4 aut  |9 478661 
710 2 |a Slovenský ústav technickej normalizácie (Bratislava, Slovensko).  |b Technická normalizačná komisia č. 53 Káble a elektroizolačné materiály  |4 stn  |9 336830 
774 1 8 |t STN 34 7410-2/A1: 2004  |d Bratislava : Slovenský ústav technickej normalizácie, 2004  |w vtls009866718 
958 |a NB 
999 |c 745539  |d 747469 
952 |a SNK  |b SNK  |y PREZ  |7 0  |p 17A1135492  |o snkSTN 34 7410-2  |i snk2015/3116  |8 0  |0 0  |1 0  |4 0  |d 2015-01-30  |l 0  |r 2026-02-23 23:14:39  |w 2026-02-23 
952 |a SNK  |b SNK  |y PREZ  |7 0  |p 17A1135494  |o snkSTN 34 7410-2 D1  |i snk2015/3117  |8 0  |0 0  |1 0  |4 0  |d 2015-01-30  |l 0  |r 2026-02-23 23:14:39  |w 2026-02-23